000 00628nam a2200229Ia 4500
003 OSt
005 20221007071923.0
006 a|||||r|||| 00| 0
007 ta
008 221006b |||||||| |||| 00| 0 eng d
024 _a15,542
037 _cTextual
040 _aFLL
_cFLL
_beng
041 _2eng
_aeng
082 _aX:981, K8
100 _aRobert B.C. Ed.
_9689670
245 0 _aIndustrial relations
_b Contemporary issues
260 _aLondon
_bMacmillan and company limited London
_c1968
300 _a360p
_ccm.
942 _hX:981, K8
_cTEXL
_2CC
999 _c1144668
_d1144668